Disney Song by Synonyms - Statistics

General Stats
  • This quiz has been taken 37 times
  • The average score is 10 of 15
Answer Stats
Synonym Real Song % Correct
Would you want to construct a being of frozen water? Do you want to build a snowman?
100%
Become our visitor Be our guest
87%
Hues of the breeze Colours of the wind
87%
Glossy Shiny
83%
An entire fresh earth A whole new world
80%
I'll create a male from one I'll make a man out of you
77%
Allow it to leave Let it go
70%
Mama will always be right Mother knows best
67%
Bit of your land Part of your world
67%
Ellipse of existence Circle of life
63%
Be ready Be prepared
57%
Fondness is a gaping entryway Love is an open door
57%
Pitiful hapless beings Poor unfortunate souls
57%
Infernoflames Hellfire
53%
You are appreciated You're welcome
30%
No matching quizzes found
Score Distribution
Percent of People with Each Score
Percentile by Number Answered
Your Score History
You have not taken this quiz